[Event "8th American Continental (w)"]
[Site "Lima PER"]
[Date "2016.02.25"]
[Round "6.13"]
[White "Rodriguez Ibarra, Sofia"]
[Black "Caballero Quijano, Mitzy Mishell"]
[Result "0-1"]
[WhiteElo "1794"]
[BlackElo "1909"]
[EventDate "2016.02.20"]
[PlyCount "76"]

1.e4 e6 2.d4 d5 3.Nd2 Be7 4.c3 c5 5.exd5 exd5 6.dxc5 Bxc5 7.Bb5+ Nc6 8.
Ngf3 Qe7+ 9.Qe2 a6 10.Qxe7+ Nxe7 11.Bd3 Bf5 12.Bxf5 Nxf5 13.Nb3 Ba7 14.O-O
f6 15.Bf4 g5 16.Bg3 Rd8 17.Rad1 Rd7 18.Nfd2 h5 19.Rfe1+ Kd8 20.c4 h4 21.
Bxh4 gxh4 22.cxd5 Rxd5 23.Ne4 Rxd1 24.Rxd1+ Ke7 25.Nec5 Nd6 26.Re1+ Kf7 
27.h3 Ne5 28.Ne4 Nxe4 29.Rxe4 Nd3 30.Re2 Nxf2 31.Rxf2 Rc8 32.Kf1 Bxf2 33.
Kxf2 Rc2+ 34.Kf3 Rxb2 35.Nc5 a5 36.Kg4 b6 37.Nd3 Rxg2+ 38.Kxh4 Rxa2 0-1

[Event "8th American Continental (w)"]
[Site "Lima PER"]
[Date "2016.02.25"]
[Round "6.14"]
[White "Bohorquez Canizares, Maria"]
[Black "Solis Chimoy, Blanca"]
[Result "0-1"]
[WhiteElo "1574"]
[BlackElo "1869"]
[EventDate "2016.02.20"]
[PlyCount "124"]

1.e4 d6 2.d4 Nf6 3.Nc3 g6 4.Be3 Bg7 5.Be2 c6 6.h4 h5 7.f3 b5 8.Qd2 Nbd7 9.
Nh3 Nb6 10.Bg5 a5 11.O-O-O Qc7 12.e5 Nfd5 13.Nxd5 Nxd5 14.Nf4 Nxf4 15.Bxf4
dxe5 16.Bxe5 Bxe5 17.dxe5 Be6 18.f4 Rd8 19.Qxd8+ Qxd8 20.Rxd8+ Kxd8 21.
Rd1+ Kc7 22.Bf3 a4 23.a3 Kb6 24.Rd3 c5 25.c3 Rc8 26.Kd1 Rc7 27.Ke1 Rd7 28.
Kd2 Rc7 29.Ke3 b4 30.axb4 cxb4 31.cxb4 Kb5 32.Bd5 Bxd5 33.Rxd5+ Kxb4 34.
Kd3 Rc1 35.Kd2 Rg1 36.Rd7 Rxg2+ 37.Kc1 Rf2 38.Rxe7 Rxf4 39.e6 fxe6 40.Rxe6
Rxh4 41.Rxg6 Rh2 42.Rg8 h4 43.Rb8+ Kc4 44.Rc8+ Kb3 45.Rb8+ Kc4 46.Rc8+ Kd3
47.Rd8+ Ke3 48.Ra8 Rf2 49.Rxa4 Rf4 50.Ra8 Kf2 51.Rh8 Kg3 52.Rg8+ Rg4 53.
Rd8 h3 54.Rd3+ Kh4 55.Rxh3+ Kxh3 56.Kc2 Kg3 57.Kc3 Kf3 58.b4 Ke4 59.Kc4 
Rg1 60.Kc5 Rc1+ 61.Kb6 Kd5 62.b5 Rb1 0-1

[Event "8th American Continental (w)"]
[Site "Lima PER"]
[Date "2016.02.25"]
[Round "6.15"]
[White "Mostacero Velarde, Isabella"]
[Black "Cosme Contreras, Trilce"]
[Result "1/2-1/2"]
[WhiteElo "1705"]
[BlackElo "1757"]
[EventDate "2016.02.20"]
[PlyCount "93"]

1.e4 c5 2.Nf3 d6 3.d4 cxd4 4.Qxd4 Nc6 5.Bb5 Bd7 6.Bxc6 Bxc6 7.Nc3 Nf6 8.
Bg5 e6 9.O-O-O Be7 10.Rhe1 Qc7 11.Qd2 O-O-O 12.Nd4 a6 13.f3 h6 14.Bf4 e5 
15.Nxc6 bxc6 16.Bg3 Nd7 17.Qe2 Kb7 18.Qc4 Nb6 19.Qb3 Rb8 20.Na4 Ka8 21.
Nxb6+ Rxb6 22.Qc4 Qb7 23.b3 Rb4 24.Qd3 f6 25.c4 Rb6 26.Bf2 c5 27.Qd5 Qxd5 
28.Rxd5 Kb8 29.Kc2 Kc7 30.Rb1 Rhb8 31.Be1 Kc6 32.Ba5 R6b7 33.Rbd1 h5 34.
Kd3 Kd7 35.Kc2 Kc6 36.R1d3 g5 37.Kd1 Rd7 38.Ke2 Bd8 39.Bxd8 Rbxd8 40.Kf2 
Rf8 41.g4 a5 42.a4 Rh8 43.Kg2 h4 44.Kf2 Rb8 45.Ke2 Rb6 46.Kd2 Kc7 47.Kc2 
1/2-1/2

[Event "8th American Continental (w)"]
[Site "Lima PER"]
[Date "2016.02.25"]
[Round "6.16"]
[White "Francia Arzapalo, Gianella"]
[Black "Castrillon Gomez, Melissa"]
[Result "0-1"]
[WhiteElo "1486"]
[BlackElo "2215"]
[EventDate "2016.02.20"]
[PlyCount "116"]

1.d4 g6 2.Nf3 Bg7 3.Bf4 f5 4.e3 Nf6 5.h3 d6 6.Be2 O-O 7.O-O Qe8 8.Bh2 Nbd7
9.c3 e5 10.dxe5 Nxe5 11.Bxe5 dxe5 12.Nbd2 Kh8 13.Qc2 e4 14.Nd4 f4 15.exf4 
e3 16.N2f3 c5 17.Nb3 Bf5 18.Qd1 exf2+ 19.Rxf2 Ne4 20.Rf1 Ng3 21.Rf2 Qe3 
22.Qd2 Qxf2+ 23.Kxf2 Ne4+ 24.Kg1 Nxd2 25.Nfxd2 b6 26.Rf1 Rad8 27.Kh2 Bd3 
28.Bxd3 Rxd3 29.Rf2 g5 30.f5 Be5+ 31.Kg1 Bf4 32.Nf1 Rd1 33.Rf3 Rxf5 34.Kf2
Rf8 35.g3 Bd6 36.Rxf8+ Bxf8 37.Nbd2 Ra1 38.Ne3 Rxa2 39.Nd1 b5 40.Ke2 Ra6 
41.g4 Re6+ 42.Kf2 b4 43.cxb4 cxb4 44.Nf3 Bc5+ 45.Kf1 h6 46.Nd2 a5 47.Nb3 
Bb6 48.Nc1 a4 49.Nd3 Re4 50.N1f2 Bxf2 51.Kxf2 a3 52.bxa3 bxa3 53.Nc1 Rc4 
54.Nb3 a2 55.Ke2 Rc3 56.Na1 Rc1 57.Nb3 Rb1 58.Nd2 Rb2 0-1

[Event "8th American Continental (w)"]
[Site "Lima PER"]
[Date "2016.02.25"]
[Round "6.17"]
[White "Romero Dongo, Antonella"]
[Black "Bocangel Chavez, Marjoire"]
[Result "1-0"]
[WhiteElo "1781"]
[BlackElo "1708"]
[EventDate "2016.02.20"]
[PlyCount "86"]

1.e4 e6 2.d4 d5 3.Nc3 Nf6 4.Bg5 Be7 5.e5 Nfd7 6.Bxe7 Qxe7 7.f4 a6 8.Qg4 
O-O 9.Bd3 f5 10.Qh5 c5 11.Nf3 cxd4 12.Nxd4 Nc6 13.Nxd5 exd5 14.Nxf5 Rxf5 
15.Bxf5 g6 16.Qg5 Qxg5 17.Be6+ Kg7 18.fxg5 Nb6 19.Bxc8 Rxc8 20.O-O-O Nxe5 
21.Rhe1 Re8 22.Kb1 Re7 23.a4 a5 24.c4 dxc4 25.Rd6 Nbd7 26.Rxd7 Rxd7 27.
Rxe5 b6 28.Re6 Rb7 29.Rc6 b5 30.axb5 Rxb5 31.Rc7+ Kg8 32.h4 Rb4 33.g3 Rb3 
34.Rxc4 Rxg3 35.Ka2 Rf3 36.b4 Rf5 37.Kb3 h6 38.Rc8+ Kf7 39.Rc7+ Kg8 40.
gxh6 Rh5 41.Ra7 Rxh6 42.Rxa5 Rxh4 43.b5 Rh1 1-0

[Event "8th American Continental (w)"]
[Site "Lima PER"]
[Date "2016.02.25"]
[Round "6.18"]
[White "Dongo Pinzon, Melanie"]
[Black "Estrada Cantaro, Alexandra Fiorella"]
[Result "1-0"]
[WhiteElo "1741"]
[BlackElo "1635"]
[EventDate "2016.02.20"]
[PlyCount "54"]

1.e4 c5 2.Nf3 d6 3.d4 cxd4 4.Nxd4 Nf6 5.Nc3 g6 6.Be3 Bg7 7.f3 Nc6 8.Bc4 
O-O 9.Bb3 Na5 10.Qd2 a6 11.Bh6 Nxb3 12.Nxb3 b5 13.Bxg7 Kxg7 14.O-O-O Qb6 
15.g4 a5 16.g5 Nh5 17.Nd5 Qd8 18.Nd4 Bd7 19.Ne2 Rh8 20.Ng3 Nxg3 21.hxg3 
Be6 22.Rh6 Bxd5 23.exd5 f6 24.f4 fxg5 25.Rdh1 Qg8 26.f5 Qf7 27.Qh2 Qg8 1-0

[Event "8th American Continental (w)"]
[Site "Lima PER"]
[Date "2016.02.25"]
[Round "6.19"]
[White "Arias Cango, Nathaly"]
[Black "Pescoran Machaca, Mariabelen"]
[Result "1-0"]
[WhiteElo "1888"]
[BlackElo "1299"]
[EventDate "2016.02.20"]
[PlyCount "87"]

1.e4 e6 2.d3 d5 3.Qe2 Be7 4.Nf3 c5 5.g3 Nc6 6.Bg2 h6 7.O-O Nf6 8.e5 Nd7 9.
Re1 O-O 10.h4 f5 11.exf6 Nxf6 12.Nbd2 Kh8 13.Nf1 Bd6 14.Ne3 Qc7 15.Nh2 Qf7
16.c4 d4 17.Neg4 Nh7 18.Nf3 Bd7 19.Nd2 Rae8 20.Ne4 Be7 21.Bf4 Qh5 22.Ne5 
Qxe2 23.Ng6+ Kg8 24.Rxe2 Rf5 25.Nxe7+ Rxe7 26.Bh3 Rh5 27.Bg4 Rf5 28.Bd6 
Re8 29.Nxc5 Rf7 30.Bh5 Bc8 31.Bxf7+ Kxf7 32.Ne4 Rd8 33.Ba3 Kg6 34.Nd6 Kf6 
35.Rae1 e5 36.Nxc8 Rxc8 37.b4 Re8 38.b5 Nd8 39.f4 Nf7 40.fxe5+ Nxe5 41.
Rf1+ Ke6 42.Rxe5+ Kxe5 43.Re1+ Kf6 44.Rxe8 1-0

[Event "8th American Continental (w)"]
[Site "Lima PER"]
[Date "2016.02.26"]
[Round "7.1"]
[White "Arribas Robaina, Maritza"]
[Black "Cori Tello, Deysi"]
[Result "1/2-1/2"]
[WhiteElo "2333"]
[BlackElo "2430"]
[EventDate "2016.02.20"]
[PlyCount "62"]

1.e4 e5 2.Nf3 Nf6 3.Nxe5 d6 4.Nf3 Nxe4 5.d3 Nf6 6.d4 Be7 7.Bd3 O-O 8.O-O 
c5 9.h3 Nc6 10.Nc3 Nb4 11.Bg5 h6 12.Be3 a6 13.Be2 Bf5 14.Rc1 Nfd5 15.Nxd5 
Nxd5 16.Bd2 Qb6 17.c4 Nf6 18.Qb3 Qxb3 19.axb3 Ne4 20.Be3 Bf6 21.Rcd1 Rfe8 
22.Bd3 Bh7 23.Rfe1 Rac8 24.Re2 Kh8 25.Bf4 g5 26.Bh2 Re7 27.Rde1 Rce8 28.d5
Nd2 29.Nxd2 Bxd3 30.Rxe7 Rxe7 31.Re3 Rxe3 1/2-1/2

[Event "8th American Continental (w)"]
[Site "Lima PER"]
[Date "2016.02.26"]
[Round "7.2"]
[White "Franco Valencia, Angela Maria"]
[Black "Zuriel, Marisa"]
[Result "0-1"]
[WhiteElo "2197"]
[BlackElo "2295"]
[EventDate "2016.02.20"]
[PlyCount "108"]

1.e4 c5 2.Nf3 e6 3.d4 cxd4 4.Nxd4 a6 5.g3 d5 6.e5 Nc6 7.Nxc6 bxc6 8.Bg2 
Qc7 9.O-O Qxe5 10.c4 Be7 11.Nc3 Nf6 12.Bf4 Qf5 13.Re1 h6 14.Re5 Qg6 15.
cxd5 cxd5 16.Nxd5 exd5 17.Bxd5 Ra7 18.Bc6+ Nd7 19.Qa4 O-O 20.Be4 Qf6 21.
Rh5 Nc5 22.Qc2 Nxe4 23.Qxe4 Bb7 24.Qe3 Qc6 25.f3 Qxf3 26.Qxf3 Bxf3 27.Rf5 
Bg4 28.Rd5 Be6 29.Rd2 Bc5+ 30.Kg2 g5 31.Be5 f6 32.Bc3 Rd7 33.Rad1 Rxd2+ 
34.Rxd2 Kf7 35.b4 Be3 36.Rd3 Bb6 37.a4 Rd8 38.Rxd8 Bxd8 39.Bd4 Bd5+ 40.Kf2
Bc6 41.b5 axb5 42.axb5 Bxb5 43.h4 Kg6 44.hxg5 hxg5 45.g4 Bc7 46.Bc5 Bd7 
47.Kf3 Bc6+ 48.Kf2 Kf7 49.Ba3 Ke6 50.Bb2 Be5 51.Ba3 Bd4+ 52.Kg3 Ke5 53.Be7
Ke4 54.Ba3 Be5+ 0-1

[Event "8th American Continental (w)"]
[Site "Lima PER"]
[Date "2016.02.26"]
[Round "7.3"]
[White "Eswaran, Ashritha"]
[Black "Paredes Bustamante, Paula"]
[Result "1/2-1/2"]
[WhiteElo "2149"]
[BlackElo "2096"]
[EventDate "2016.02.20"]
[PlyCount "211"]

1.e4 e5 2.Nf3 Nc6 3.Bb5 Nf6 4.d3 d6 5.c3 a6 6.Ba4 b5 7.Bc2 Be7 8.O-O O-O 
9.Re1 Nb8 10.a4 Bb7 11.Nbd2 Nbd7 12.Nf1 Re8 13.d4 Bf8 14.Ng3 g6 15.d5 c6 
16.dxc6 Bxc6 17.Bg5 h6 18.Bh4 Nc5 19.axb5 Bxb5 20.Bxf6 Qxf6 21.Nd2 a5 22.
Nb3 Qd8 23.Nf1 a4 24.Nxc5 dxc5 25.Ne3 Qd6 26.c4 Bc6 27.Nd5 Reb8 28.Ra2 Ra7
29.Qa1 Bxd5 30.cxd5 Qb6 31.Bxa4 c4 32.Bc2 Bc5 33.Rf1 Rxa2 34.Qxa2 Qb4 35.
Qa6 Bd4 36.d6 Qb6 37.Qxc4 Qxd6 38.b3 Rb6 39.Qe2 Qc5 40.Kh1 Qc3 41.Rb1 Rd6 
42.f3 Rb6 43.h3 Kg7 44.Qd3 Qc5 45.Qe2 Qa3 46.Rd1 Qa2 47.Qc4 Qb2 48.f4 Be3 
49.Rb1 Qd4 50.Qxd4 Bxd4 51.fxe5 Bxe5 52.b4 f6 53.Kg1 Kf7 54.Kf2 Ke6 55.Ke3
g5 56.g4 Kd6 57.b5 Bf4+ 58.Kd4 Rb8 59.Bd3 Be5+ 60.Ke3 Kd7 61.Rb4 Rh8 62.
Be2 Ra8 63.Rb3 Rc8 64.Ra3 Rc7 65.Ra8 Rc8 66.Ra7+ Ke6 67.Rh7 Rc3+ 68.Bd3 
Rb3 69.Rxh6 Bf4+ 70.Kd4 Be5+ 71.Ke3 Bf4+ 72.Ke2 Rb2+ 73.Ke1 Ke5 74.Be2 Kd4
75.Kf2 Be5 76.h4 Kxe4 77.hxg5 fxg5 78.Rh7 Bd4+ 79.Ke1 Bc3+ 80.Kf1 Kf4 81.
Rf7+ Ke4 82.Re7+ Kf4 83.Kf2 Ba5 84.Re6 Rb1 85.Rf6+ Ke4 86.Rf5 Bb6+ 87.Kg3 
Bc7+ 88.Kg2 Rb2 89.Rf2 Ke3 90.Kf1 Rb1+ 91.Kg2 Rb2 92.Rf3+ Ke4 93.Kf2 Bb6+ 
94.Ke1 Ba5+ 95.Kf1 Bb6 96.Rf6 Rb1+ 97.Kg2 Bd4 98.Bf3+ Kd3 99.Re6 Rb2+ 100.
Kg3 Bf2+ 101.Kh3 Be3 102.Bg2 Ke2 103.Re5 Kf2 104.Rd5 Bf4 105.Rd3 Rxb5 106.
Rf3+ 1/2-1/2

[Event "8th American Continental (w)"]
[Site "Lima PER"]
[Date "2016.02.26"]
[Round "7.4"]
[White "Rivera Banqueth, Ingris"]
[Black "Fuentes Godoy, Lilia Ivonne"]
[Result "0-1"]
[WhiteElo "2262"]
[BlackElo "2062"]
[EventDate "2016.02.20"]
[PlyCount "82"]

1.d4 d5 2.g3 c6 3.Bg2 Nf6 4.Nf3 Bf5 5.Nh4 Bg4 6.h3 Bh5 7.g4 Bg6 8.Nc3 e6 
9.Nxg6 hxg6 10.a3 Bd6 11.Bg5 Qc7 12.Qd2 Nh7 13.Be3 Nd7 14.O-O-O Nb6 15.Nb1
Nc4 16.Qc3 b5 17.Nd2 Nxe3 18.fxe3 b4 19.axb4 Rb8 20.Nb3 Bxb4 21.Qd3 a5 22.
Nc5 Bxc5 23.dxc5 Rb5 24.h4 Nf6 25.Bf3 Nd7 26.g5 Qe5 27.Qd4 Rxc5 28.Rd3 Rb5
29.Rc3 c5 30.Qa4 Qb8 31.Qa3 Qb6 32.e4 d4 33.Rc4 Rb4 34.Rxb4 cxb4 35.Qa2 
Ke7 36.Rd1 Qc5 37.Rh1 Rc8 38.b3 d3 39.Rd1 dxc2 40.Rxd7+ Kxd7 41.Qa4+ Ke7 
0-1

[Event "8th American Continental (w)"]
[Site "Lima PER"]
[Date "2016.02.26"]
[Round "7.5"]
[White "Franco Valencia, Beatriz Irene"]
[Black "Abrahamyan, Tatev"]
[Result "1-0"]
[WhiteElo "2153"]
[BlackElo "2324"]
[EventDate "2016.02.20"]
[PlyCount "81"]

1.d4 Nf6 2.c4 e6 3.Nf3 b6 4.a3 Bb7 5.Nc3 Be7 6.d5 O-O 7.e4 d6 8.Nd4 c5 9.
Nc2 exd5 10.cxd5 Ba6 11.Bxa6 Nxa6 12.O-O Nc7 13.f4 Re8 14.Qf3 Nd7 15.Ne3 
b5 16.Nf5 Bf8 17.b4 g6 18.Nxd6 Bxd6 19.e5 Bf8 20.d6 Ne6 21.bxc5 Ndxc5 22.
Nd5 Nd7 23.Bb2 Bg7 24.Qb3 Nb6 25.f5 Nxd5 26.Qxd5 gxf5 27.Rxf5 Qb6+ 28.Kh1 
Rad8 29.Raf1 Rd7 30.Rh5 Rc8 31.Qe4 h6 32.h3 Qc6 33.Qf5 Qd5 34.Bc1 Nf8 35.
Bxh6 Qe6 36.Qg5 Ng6 37.Bxg7 Kxg7 38.Qh6+ Kg8 39.Rf6 Qd5 40.Rxg6+ fxg6 41.
Qh8+ 1-0

[Event "8th American Continental (w)"]
[Site "Lima PER"]
[Date "2016.02.26"]
[Round "7.6"]
[White "Aliaga Fernandez, Ingrid"]
[Black "Fernandez, Maria Florencia"]
[Result "0-1"]
[WhiteElo "2173"]
[BlackElo "2264"]
[EventDate "2016.02.20"]
[PlyCount "92"]

1.e4 e6 2.d4 d5 3.Nc3 Nf6 4.e5 Nfd7 5.f4 c5 6.Nf3 Nc6 7.Be3 Be7 8.Qd2 O-O 
9.O-O-O c4 10.f5 b5 11.Nxb5 Rb8 12.Nd6 Bxd6 13.exd6 Qb6 14.Qc3 Nf6 15.Qa3 
Ng4 16.Bg1 Qd8 17.h3 Nf6 18.Ne5 Rb6 19.Re1 Ra6 20.Nxc6 Rxc6 21.fxe6 Bxe6 
22.Bh2 Ne4 23.Bf4 Qb6 24.c3 Qb7 25.Rxe4 dxe4 26.Be2 Ra6 27.Qb4 Qxb4 28.
cxb4 Rxa2 29.d5 Ra1+ 30.Kc2 Rxh1 31.dxe6 fxe6 32.Bg5 Rg1 33.g4 Rg2 34.Kd2 
h6 35.Be3 Rd8 36.Bc5 Kf7 37.Ke3 Rg3+ 38.Kxe4 Rxh3 39.Bxc4 Rh1 40.b5 Rd7 
41.b4 Re1+ 42.Kf3 Rd1 43.Ke4 R1xd6 44.Bxd6 Rxd6 45.Ke5 Ke7 46.Bb3 Rd2 0-1

[Event "8th American Continental (w)"]
[Site "Lima PER"]
[Date "2016.02.26"]
[Round "7.7"]
[White "Perez Rodriguez, Jennifer"]
[Black "Orozco Lopez, Lina Yomayra"]
[Result "1-0"]
[WhiteElo "2155"]
[BlackElo "2118"]
[EventDate "2016.02.20"]
[PlyCount "81"]

1.e4 c5 2.Nf3 Nc6 3.c3 d5 4.exd5 Qxd5 5.d4 Bf5 6.Be3 Nf6 7.c4 Qd8 8.Nc3 e6
9.Be2 Ng4 10.Qa4 Nxe3 11.fxe3 Qd7 12.d5 Nb4 13.Qxd7+ Kxd7 14.e4 Bg6 15.
O-O-O exd5 16.Ne5+ Kd6 17.Nxg6 hxg6 18.a3 Na6 19.e5+ Kxe5 20.Rxd5+ Ke6 21.
Re1 f5 22.Bf3+ Kf6 23.Rd7 Rxh2 24.Bxb7 Rb8 25.Re2 Nb4 26.axb4 cxb4 27.Nd5+
Kg5 28.Ne7 Bxe7 29.Rexe7 Rh4 30.b3 a5 31.c5 a4 32.bxa4 Rc4+ 33.Kb2 Rxc5 
34.Kb3 Rh8 35.Rc7 Rc3+ 36.Rxc3 bxc3 37.Kxc3 Rh4 38.Kb3 Rd4 39.a5 Kf6 40.
Re2 Rd3+ 41.Kb4 1-0

[Event "8th American Continental (w)"]
[Site "Lima PER"]
[Date "2016.02.26"]
[Round "7.8"]
[White "Caballero Quijano, Mitzy Mishell"]
[Black "Chumpitaz Carbajal, Ann"]
[Result "1-0"]
[WhiteElo "1909"]
[BlackElo "2209"]
[EventDate "2016.02.20"]
[PlyCount "87"]

1.d4 Nf6 2.Nf3 g6 3.c4 Bg7 4.g3 O-O 5.Bg2 d6 6.Nc3 Nc6 7.O-O Bf5 8.d5 Na5 
9.Nd4 Bd7 10.b3 c5 11.dxc6 Nxc6 12.Bb2 Rb8 13.Nd5 Ne5 14.h3 Bc6 15.Rc1 Rc8
16.Qd2 a6 17.Rfd1 h5 18.e4 Bxd5 19.exd5 Qb6 20.Rc2 Kh7 21.f4 Bh6 22.Qf2 
Ned7 23.Re2 Rce8 24.Rde1 Ng8 25.g4 Nc5 26.Rd1 e5 27.fxe5 dxe5 28.gxh5 Nd7 
29.Nc2 Qd8 30.Ba3 Ne7 31.Ne3 Bg5 32.Ng4 Rg8 33.Qxf7+ Rg7 34.Bxe7 Rxe7 35.
hxg6+ Kh8 36.Qf5 Qb6+ 37.Kh1 Rxg6 38.Nxe5 Nxe5 39.Rxe5 Rxe5 40.Qxe5+ Bf6 
41.Qe2 Qd6 42.Rf1 Bd8 43.Qe8+ Kg7 44.Qf7+ 1-0

[Event "8th American Continental (w)"]
[Site "Lima PER"]
[Date "2016.02.26"]
[Round "7.9"]
[White "Martinez, Ayelen"]
[Black "Zarate Oyague, Flor de Maria"]
[Result "0-1"]
[WhiteElo "2193"]
[BlackElo "1924"]
[EventDate "2016.02.20"]
[PlyCount "81"]

1.e4 c5 2.Nf3 d6 3.Bb5+ Nd7 4.O-O Nf6 5.Re1 a6 6.Bd3 e6 7.c3 Be7 8.Bc2 Qc7
9.d4 b5 10.a4 Rb8 11.Nbd2 Bb7 12.Nf1 O-O 13.Ng3 Rfc8 14.axb5 axb5 15.Bd3 
Bc6 16.Bf4 e5 17.Nf5 Bf8 18.Bd2 Nb6 19.Bg5 Ne8 20.d5 c4 21.Bc2 Bd7 22.N3h4
g6 23.Nh6+ Bxh6 24.Bxh6 Ng7 25.Qf3 Qd8 26.g3 Na4 27.Reb1 Nc5 28.Qe3 Qe7 
29.f4 exf4 30.Bxf4 Re8 31.Ra7 b4 32.Rf1 bxc3 33.Bg5 Qf8 34.Qxc3 Ra8 35.
Rxa8 Rxa8 36.Qxc4 Qb8 37.Qd4 Bh3 38.Rb1 Nd7 39.b4 Ne5 40.Bf6 Ra2 41.Rc1 
0-1

[Event "8th American Continental (w)"]
[Site "Lima PER"]
[Date "2016.02.26"]
[Round "7.10"]
[White "Solis Chimoy, Blanca"]
[Black "Heredia Serrano, Carla"]
[Result "1-0"]
[WhiteElo "1869"]
[BlackElo "2185"]
[EventDate "2016.02.20"]
[PlyCount "107"]

1.d4 Nf6 2.Nf3 d6 3.h3 Nbd7 4.Bf4 c5 5.c3 Qb6 6.Qc2 cxd4 7.cxd4 e5 8.Be3 
e4 9.d5 Qa5+ 10.Nfd2 Ne5 11.Nc3 Bf5 12.f4 Ng6 13.g4 Bd7 14.Bg2 Be7 15.Bxe4
Rc8 16.Bf3 Nh4 17.Qd3 Nxf3+ 18.Nxf3 b5 19.g5 Nh5 20.Kf2 O-O 21.a3 Rc4 22.
Nd4 Bd8 23.a4 Nxf4 24.Qe4 b4 25.Ncb5 Ng6 26.Nxd6 Rxd4 27.Qxd4 Bb6 28.Nc4 
Bxd4 29.Nxa5 Bxb2 30.Rab1 Bc3 31.Bc5 Bf5 32.Bxf8 Kxf8 33.Nc6 Nf4 34.Rxb4 
Bxb4 35.Nxb4 Nxh3+ 36.Kg3 Nxg5 37.Kf4 Ne4 38.Rc1 g6 39.Nc6 a6 40.Nd4 Nd6 
41.Ke5 Ne4 42.Nxf5 gxf5 43.Kxf5 Ng3+ 44.Kf6 Ne4+ 45.Ke5 Ng3 46.d6 Ke8 47.
Rc8+ Kd7 48.Rc7+ Ke8 49.Re7+ Kf8 50.Kf4 Nh5+ 51.Kg5 Ng7 52.Ra7 Ne6+ 53.Kf6
Nd8 54.d7 1-0

[Event "8th American Continental (w)"]
[Site "Lima PER"]
[Date "2016.02.26"]
[Round "7.11"]
[White "Dominguez Barrios, Laura Lucia"]
[Black "Parkhurst Casas, Miriam"]
[Result "1-0"]
[WhiteElo "2078"]
[BlackElo "1884"]
[EventDate "2016.02.20"]
[PlyCount "107"]

1.e4 e5 2.Nf3 Nc6 3.Bb5 Nge7 4.c3 g6 5.d4 exd4 6.cxd4 a6 7.Ba4 b5 8.Bb3 
Bg7 9.d5 Na5 10.Bd2 Nxb3 11.axb3 d6 12.h3 f5 13.exf5 Bxf5 14.O-O O-O 15.
Bc3 Qd7 16.Bxg7 Kxg7 17.Qd4+ Kg8 18.Nbd2 c5 19.dxc6 Nxc6 20.Qh4 Qe7 21.
Qxe7 Nxe7 22.Nd4 Nd5 23.Nxf5 gxf5 24.Nf3 Nb4 25.Rfd1 Rf6 26.Nd4 Re8 27.Rd2
d5 28.Rc1 Kg7 29.Rc7+ Kg6 30.Rd7 Re1+ 31.Kh2 Rc1 32.Ne2 Rc2 33.Rxc2 Nxc2 
34.Rxd5 f4 35.Rd2 Na1 36.Rd3 Kf5 37.Kg1 Ke4 38.Rd4+ Ke5 39.Rd3 Ke4 40.Rc3 
h6 41.f3+ Ke5 42.Kf2 Kd6 43.Nd4 Kd5 44.Ne2 b4 45.Rc4 a5 46.Nxf4+ Ke5 47.
Rc5+ Kd6 48.Rxa5 Nxb3 49.Ra6+ Ke5 50.Rxf6 Kxf6 51.Nd5+ Ke5 52.Nxb4 Nc5 53.
Ke3 h5 54.Nd3+ 1-0

[Event "8th American Continental (w)"]
[Site "Lima PER"]
[Date "2016.02.26"]
[Round "7.12"]
[White "Castrillon Gomez, Melissa"]
[Black "Romero Dongo, Antonella"]
[Result "1-0"]
[WhiteElo "2215"]
[BlackElo "1781"]
[EventDate "2016.02.20"]
[PlyCount "92"]

1.g3 e6 2.Bg2 f5 3.e4 fxe4 4.Nc3 Nf6 5.Nxe4 Nc6 6.d4 Be7 7.Nxf6+ Bxf6 8.d5
exd5 9.Qh5+ g6 10.Qxd5 Qe7+ 11.Kf1 d6 12.Bf4 Be6 13.Qb5 O-O 14.Nf3 Qd7 15.
h4 a6 16.Qd3 Nb4 17.Qd2 Nd5 18.Bh6 Rfe8 19.Ng5 Nb6 20.Nxe6 Rxe6 21.Kg1 Qb5
22.Be3 Re7 23.c3 Nc4 24.Bd5+ Kh8 25.Bxc4 Qxc4 26.h5 Kg8 27.hxg6 hxg6 28.b3
Qe4 29.Bd4 Bxd4 30.cxd4 Rae8 31.Qh6 Kf7 32.Rh4 Qd3 33.Rf4+ Kg8 34.Rf6 Rg7 
35.Rc1 Ree7 36.Rf4 c6 37.Kg2 Ref7 38.Re1 Rxf4 39.Qxf4 Rf7 40.Qg4 Qf5 41.
Qxf5 gxf5 42.Re6 d5 43.Kf3 Kg7 44.Kf4 Rf6 45.Re7+ Kg6 46.Rxb7 Re6 1-0

[Event "8th American Continental (w)"]
[Site "Lima PER"]
[Date "2016.02.26"]
[Round "7.13"]
[White "Besso, Guadalupe"]
[Black "Mostacero Velarde, Isabella"]
[Result "1/2-1/2"]
[WhiteElo "1996"]
[BlackElo "1705"]
[EventDate "2016.02.20"]
[PlyCount "104"]

1.d4 Nf6 2.c4 g6 3.Nc3 Bg7 4.e4 d6 5.f4 O-O 6.Nf3 Bg4 7.Be2 Nc6 8.d5 Nb4 
9.a3 Na6 10.O-O Nc5 11.h3 Bxf3 12.Bxf3 a5 13.Be3 Nfd7 14.Re1 b6 15.Rb1 e5 
16.dxe6 Nxe6 17.e5 Rb8 18.exd6 c5 19.Nb5 Qf6 20.Nc7 Nd4 21.Nb5 Nxb5 22.
cxb5 Rfd8 23.Qd5 Nf8 24.Rbd1 Qxb2 25.f5 Nd7 26.a4 Qe5 27.fxg6 hxg6 28.Bg5 
Qxd5 29.Bxd5 Bf6 30.h4 Kg7 31.g4 Re8 32.Bc6 Rxe1+ 33.Rxe1 Ne5 34.Bxf6+ 
Kxf6 35.g5+ Ke6 36.d7 Rd8 37.Kg2 Kd6 38.Rd1+ Kc7 39.Rf1 Nxc6 40.bxc6 Kxc6 
41.Rf6+ Kd5 42.Rxf7 c4 43.Kg3 c3 44.Rf3 Kd4 45.Rf4+ Kd3 46.Rf3+ Kd2 47.
Rf2+ Kd3 48.Rf3+ Kd2 49.Rf2+ Kd3 50.Rf3+ Kd2 51.Rf6 c2 52.Rd6+ Kc1 1/2-1/2

[Event "8th American Continental (w)"]
[Site "Lima PER"]
[Date "2016.02.26"]
[Round "7.14"]
[White "Peng, Jackie"]
[Black "Dongo Pinzon, Melanie"]
[Result "0-1"]
[WhiteElo "1922"]
[BlackElo "1741"]
[EventDate "2016.02.20"]
[PlyCount "80"]

1.e4 c5 2.Nf3 e6 3.d4 cxd4 4.Nxd4 Nc6 5.Nc3 a6 6.Be2 Qc7 7.O-O Nf6 8.Be3 
Be7 9.f4 d6 10.a4 Bd7 11.Kh1 O-O 12.Bf3 Nxd4 13.Bxd4 e5 14.Be3 Bc6 15.Qe2 
Rfe8 16.f5 b6 17.g4 Nd7 18.g5 Bf8 19.Bg2 Qb7 20.Rf3 g6 21.f6 Nc5 22.Bxc5 
dxc5 23.Rd1 Rad8 24.Rfd3 Rd4 25.b3 b5 26.axb5 axb5 27.Nd5 Bxd5 28.exd5 Qd7
29.c3 Rh4 30.Re3 e4 31.Qf2 Rh5 32.Rxe4 Rxe4 33.Bxe4 Bd6 34.Ra1 h6 35.gxh6 
Bxh2 36.Qxh2 Rxh2+ 37.Kxh2 Qd6+ 38.Kg2 Qxf6 39.Ra8+ Kh7 40.c4 Qb2+ 0-1

[Event "8th American Continental (w)"]
[Site "Lima PER"]
[Date "2016.02.26"]
[Round "7.15"]
[White "Oncoy Custodio, Shantal Tania"]
[Black "Garcia Contreras, Ana"]
[Result "0-1"]
[WhiteElo "1510"]
[BlackElo "1759"]
[EventDate "2016.02.20"]
[PlyCount "67"]

1.e4 c5 2.Nf3 a6 3.d4 cxd4 4.Nxd4 e5 5.Nb3 Nf6 6.Nc3 Bb4 7.f3 Qc7 8.Qd3 
O-O 9.Be3 Nc6 10.O-O-O Bxc3 11.Qxc3 d6 12.g4 Be6 13.Bc4 Bxc4 14.Qxc4 b5 
15.Qd3 Nb4 16.Qd2 Rfc8 17.Na1 Nxa2+ 18.Kb1 Qc4 19.Qa5 Nb4 20.Rxd6 Nxc2 21.
Rhd1 Nxe3 22.Rd8+ Ne8 23.Rxc8 Qxc8 24.Rd3 Nc4 25.Qc3 Qe6 26.Nc2 a5 27.Rd5 
Nc7 28.Rd3 b4 29.Nxb4 axb4 30.Qxb4 Ne8 31.Qb7 Qa6 32.Qb3 Rc8 33.Rd7 Qb6 
34.Qd3 0-1

[Event "8th American Continental (w)"]
[Site "Lima PER"]
[Date "2016.02.26"]
[Round "7.16"]
[White "Cosme Contreras, Trilce"]
[Black "Bohorquez Canizares, Maria"]
[Result "1-0"]
[WhiteElo "1757"]
[BlackElo "1574"]
[EventDate "2016.02.20"]
[PlyCount "55"]

1.c4 Nf6 2.Nc3 d6 3.g3 Nbd7 4.Bg2 e5 5.d3 Be7 6.e4 c6 7.Nge2 O-O 8.O-O Re8
9.h3 Nf8 10.Be3 Ng6 11.f4 exf4 12.Nxf4 Nxf4 13.gxf4 Bf8 14.Qf3 a6 15.d4 g6
16.f5 Bg7 17.Bg5 gxf5 18.Kh1 Kh8 19.exf5 Qc7 20.c5 dxc5 21.dxc5 Bd7 22.
Rad1 h6 23.Bh4 a5 24.Rd6 Nd5 25.Nxd5 cxd5 26.Qh5 Bc6 27.Rxh6+ Kg8 28.f6 
1-0

[Event "8th American Continental (w)"]
[Site "Lima PER"]
[Date "2016.02.26"]
[Round "7.17"]
[White "Bocangel Chavez, Marjoire"]
[Black "Rodriguez Ibarra, Sofia"]
[Result "0-1"]
[WhiteElo "1708"]
[BlackElo "1794"]
[EventDate "2016.02.20"]
[PlyCount "67"]

1.e4 c5 2.Nc3 a6 3.f4 b5 4.Nf3 e6 5.Be2 d5 6.exd5 exd5 7.d4 c4 8.a3 Nf6 9.
O-O Be7 10.Ne5 O-O 11.Bf3 Bb7 12.Qe1 Nbd7 13.g4 Nxe5 14.fxe5 Ne4 15.Bxe4 
dxe4 16.Be3 Qd7 17.Qg3 f6 18.h3 fxe5 19.dxe5 Rf3 20.Rxf3 exf3 21.Rd1 Qe6 
22.Nb1 Rf8 23.Bf2 Rd8 24.Rxd8+ Bxd8 25.Qf4 h6 26.Nd2 Bg5 27.Qd4 Bxd2 28.
Qxd2 Qxe5 29.c3 Qe4 30.Kh2 Qb1 31.h4 Qf1 32.Be3 Qd3 33.g5 Qxd2+ 34.Bxd2 
0-1

[Event "8th American Continental (w)"]
[Site "Lima PER"]
[Date "2016.02.26"]
[Round "7.18"]
[White "Estrada Cantaro, Alexandra Fiorella"]
[Black "Arias Cango, Nathaly"]
[Result "0-1"]
[WhiteElo "1635"]
[BlackElo "1888"]
[EventDate "2016.02.20"]
[PlyCount "68"]

1.e4 c5 2.Nf3 e6 3.d4 cxd4 4.Nxd4 a6 5.Nc3 Qc7 6.Be2 b5 7.O-O Bb7 8.Bf3 
Nc6 9.Re1 Ne5 10.Bf4 Nxf3+ 11.Qxf3 d6 12.Bg3 Be7 13.Rad1 Rd8 14.Qh5 g6 15.
Qe2 b4 16.Nb1 Nf6 17.Nd2 Nh5 18.Nf1 O-O 19.Qg4 Nxg3 20.Nxg3 Kh8 21.Nf3 e5 
22.Re2 Bc8 23.Nf5 gxf5 24.exf5 Rg8 25.Qh5 Rg7 26.g3 Bb7 27.Rd3 e4 28.Rde3 
exf3 29.Re1 Bf6 30.Qh6 Be5 31.Qh4 a5 32.c4 f6 33.b3 Qd7 34.Rd1 Qxf5 0-1